| 000 | 01277nam a22002897a 4500 | ||
|---|---|---|---|
| 001 | 2878 | ||
| 003 | FISKH | ||
| 005 | 20241105104548.0 | ||
| 008 | 240119b cb ||||| |||| 00| 0 eng d | ||
| 040 |
_aFISKH _beng _cFISKH _dFISKH |
||
| 050 | _aJ942.01 | ||
| 082 | _a942.01 | ||
| 100 | _aDeary , Terry | ||
| 245 |
_aSmashing Saxons / _cby Deary, Terrry : illustrated by Brown, Martin |
||
| 250 | _aFirst published in 2000 | ||
| 260 |
_aLondon : _bScholastic , _c2000 |
||
| 300 |
_a139 pages : _billustrations ; _c21 cm . |
||
| 490 | _a Horrible Histories | ||
| 505 | _aW | ||
| 520 | _aHistory with twice the nasty bits ... in a horrible new edition! The Smashing Saxons tells the terrible truth about the pillaging people who bashed the Brits but got nobbled by the Normans. The Stormin' Normans follows big bad Bill the Conqueror who battled at Hastings, stormed Europe and joined the crummy Crusades. Featuring curious quizzes, rotten recipes, gruesome games and terrible tests ... for your teacher! History has never been so horribl | ||
| 521 | 8 |
_a870
_bLexile |
|
| 521 | 8 |
_aW
_bRaz-Plus |
|
| 600 |
_2wit and humor _vnon-fiction |
||
| 610 |
_2English histories _vJuvenile literature |
||
| 700 |
_aBrown, Martin _eillustrator |
||
| 942 |
_2ddc _cBK _n0 |
||
| 999 |
_c2878 _d2878 |
||